000 00398nam a2200157 a 4500
005 20140414093840.0
008 071008s19uu xx 00 eng d
050 _aDVD 540
_bGRE
245 _aGreatest discoveries with Bill Nye :
_bchemistry.
260 _aSl :
_bDiscovery.
300 _a1 videodisk
650 _aChemistry
650 _aEducational video.
942 _cAVM
999 _c109273
_d109273